<?xml version="1.0" encoding="UTF-8"?>
<record
    xmlns:xsi="http://www.w3.org/2001/XMLSchema-instance"
    xsi:schemaLocation="http://www.loc.gov/MARC21/slim http://www.loc.gov/standards/marcxml/schema/MARC21slim.xsd"
    xmlns="http://www.loc.gov/MARC21/slim">

  <leader>01681nam a22003977a 4500</leader>
  <controlfield tag="003">3228</controlfield>
  <controlfield tag="005">20260119122137.0</controlfield>
  <controlfield tag="008">260119b        sa ||||| |||| 00| 0 eng d</controlfield>
  <datafield tag="020" ind1=" " ind2=" ">
    <subfield code="a">9780415 373074</subfield>
    <subfield code="q">Paperback</subfield>
  </datafield>
  <datafield tag="040" ind1=" " ind2=" ">
    <subfield code="a">RDA</subfield>
    <subfield code="b">ENGLISH</subfield>
    <subfield code="c">3228</subfield>
  </datafield>
  <datafield tag="082" ind1=" " ind2="0">
    <subfield code="a">371.334678 MASO</subfield>
  </datafield>
  <datafield tag="100" ind1=" " ind2=" ">
    <subfield code="d">2006.</subfield>
  </datafield>
  <datafield tag="110" ind1=" " ind2=" ">
    <subfield code="9">195396</subfield>
    <subfield code="a">Routledge</subfield>
  </datafield>
  <datafield tag="111" ind1=" " ind2=" ">
    <subfield code="9">178758</subfield>
    <subfield code="a">Bible Society of South Africa</subfield>
  </datafield>
  <datafield tag="245" ind1=" " ind2=" ">
    <subfield code="a">E-learning: </subfield>
    <subfield code="b">the key concepts.</subfield>
    <subfield code="c">Robin Mason and Frank Rennie.</subfield>
  </datafield>
  <datafield tag="260" ind1=" " ind2=" ">
    <subfield code="a">London; New York: </subfield>
    <subfield code="b">Routledge, </subfield>
    <subfield code="c">2006.</subfield>
  </datafield>
  <datafield tag="300" ind1=" " ind2=" ">
    <subfield code="a">xxxviii, 158 pages</subfield>
    <subfield code="b">Colour illustrations:</subfield>
    <subfield code="c"> 22 cm</subfield>
  </datafield>
  <datafield tag="490" ind1=" " ind2=" ">
    <subfield code="a"> Routledge key guides  Routledge key guides.</subfield>
    <subfield code="v">9780415 373074</subfield>
  </datafield>
  <datafield tag="504" ind1=" " ind2=" ">
    <subfield code="a">
Includes bibliographical references (pages 153-155) and index.</subfield>
  </datafield>
  <datafield tag="520" ind1=" " ind2=" ">
    <subfield code="a">E-learning has long been touted as the brave new frontier of education, offering fresh challenges to teachers, students and the whole of the education system. 'eLearning' is a useful reference for those seeking to navigate the myriads of names, concepts and applications associated with this era of teaching, training and learning.</subfield>
  </datafield>
  <datafield tag="521" ind1=" " ind2=" ">
    <subfield code="a">Adult</subfield>
  </datafield>
  <datafield tag="600" ind1=" " ind2=" ">
    <subfield code="d">2006</subfield>
  </datafield>
  <datafield tag="610" ind1=" " ind2="0">
    <subfield code="9">195396</subfield>
    <subfield code="a">Routledge</subfield>
  </datafield>
  <datafield tag="630" ind1=" " ind2="0">
    <subfield code="9">174867</subfield>
    <subfield code="a">Always learning</subfield>
  </datafield>
  <datafield tag="648" ind1=" " ind2="0">
    <subfield code="9">185762</subfield>
    <subfield code="a">Kabbala</subfield>
  </datafield>
  <datafield tag="650" ind1=" " ind2="0">
    <subfield code="9">172440</subfield>
    <subfield code="a">Computer programming</subfield>
    <subfield code="x">Study and teaching</subfield>
  </datafield>
  <datafield tag="651" ind1=" " ind2="0">
    <subfield code="9">196576</subfield>
    <subfield code="a">South Africa</subfield>
  </datafield>
  <datafield tag="654" ind1=" " ind2=" ">
    <subfield code="9">181470</subfield>
    <subfield code="a"> Computer Systems</subfield>
  </datafield>
  <datafield tag="655" ind1=" " ind2="0">
    <subfield code="9">181978</subfield>
    <subfield code="a">Adult Non-Fiction</subfield>
  </datafield>
  <datafield tag="658" ind1=" " ind2=" ">
    <subfield code="9">182718</subfield>
    <subfield code="a">Internetworking (Telecommunication)</subfield>
  </datafield>
  <datafield tag="662" ind1=" " ind2=" ">
    <subfield code="9">187882</subfield>
    <subfield code="a">New York </subfield>
  </datafield>
  <datafield tag="690" ind1=" " ind2=" ">
    <subfield code="9">183845</subfield>
    <subfield code="a">Active learning South Africa</subfield>
  </datafield>
  <datafield tag="710" ind1=" " ind2=" ">
    <subfield code="9">195396</subfield>
    <subfield code="a">Routledge</subfield>
  </datafield>
  <datafield tag="711" ind1=" " ind2=" ">
    <subfield code="9">178758</subfield>
    <subfield code="a">Bible Society of South Africa</subfield>
  </datafield>
  <datafield tag="942" ind1=" " ind2=" ">
    <subfield code="2">ddc</subfield>
    <subfield code="c">JOURNAL </subfield>
    <subfield code="w">559</subfield>
    <subfield code="x">Nosiswe Mogale</subfield>
    <subfield code="y">559</subfield>
    <subfield code="z">Nosiswe Mogale</subfield>
  </datafield>
  <datafield tag="999" ind1=" " ind2=" ">
    <subfield code="c">791455</subfield>
    <subfield code="d">791454</subfield>
  </datafield>
  <datafield tag="952" ind1=" " ind2=" ">
    <subfield code="0">0</subfield>
    <subfield code="1">0</subfield>
    <subfield code="2">ddc</subfield>
    <subfield code="4">0</subfield>
    <subfield code="7">0</subfield>
    <subfield code="8">300</subfield>
    <subfield code="a">MKHUL</subfield>
    <subfield code="b">MKHUL</subfield>
    <subfield code="c">Non_Fiction</subfield>
    <subfield code="d">2026-01-19</subfield>
    <subfield code="l">0</subfield>
    <subfield code="o">371.334678 MASO</subfield>
    <subfield code="p">33228 02109590 4</subfield>
    <subfield code="r">2026-01-19</subfield>
    <subfield code="w">2026-01-19</subfield>
    <subfield code="y">JOURNAL </subfield>
  </datafield>
</record>
